Ciudades / (Registro nro. 11176)

Detalles MARC
000 -LIDER
fixed length control field 00869nam a22002897a 4500
001 - NÚMERO DE CONTROL
Identificador de número de control 001161
003 - IDENTIFICACDOR DE NÚMERO DE CONTROL
control field DO-SdBNP
005 - DATE AND TIME OF LATEST TRANSACTION
control field 20180118143915.0
007 - CAMPOS FIJOS DE DESCRIPCIÓN FÍSICA
fixed length control field 001161
008 - ELEMENTOS DE LONGITUD FIJA
fixed length control field 160819b 1998 sp||||| |||| 00| 0 spa d
020 ## - ISBN
International Standard Book Number 9788423990245
040 ## - FUENTE DE CATALOGACIÓN
Agencia que crea de manera original el registro BPMSU
Idioma de catalogación spa
Agencia que realiza la transcripción BPMSU
092 ## - LOCALLY ASSIGNED DEWEY DECIMAL CALL NUMBER
Número de clasificación xxxxxxxxx
Número de ítem (Cutter) xxxxxxxxx
100 1# - ASIENTO PRINCIPAL -- NOMBRE PERSONAL
Nombre personal Villaverde, Francisco Alonso
245 1# - MENCIÓN DE TITULO
Título Ciudades /
Mención de responsabilidad Francisco Alonso Villaverde ; traducción Xoán Manuel Lago Lestón ; ilustración Pablo Otero Peixe
260 ## - PUBLICACIÓN, DISTRIBUCIÓN, ETC. (PIE DE IMPRENTA)
Lugar de publicación, distribución, etc Madrid :
Nombre del editor, distribuidor, etc. Espasa,
Fecha de publicación, distribución, etc 1998.
300 ## - DESCRIPCIÓN FÍSICA
Extensión 86 p. :
Otros detalles físicos il. ;
Dimensiones 20 cm.
490 1# - MENCIÓN DE SERIES
Mención de serie Espasa Juvenil
490 1# - MENCIÓN DE SERIES
Mención de serie Poesía
Volume/sequential designation 59
700 12 - ASIENTO SECUNDARIO -- NOMBRE PERSONAL
Nombre personal Lago Lestón, Xoán Manuel,
Mención de responsabilidad tr.
700 1# - ASIENTO SECUNDARIO -- NOMBRE PERSONAL
Nombre personal Otero Peixe, Pablo,
Mención de responsabilidad il.
830 #0 - ASIENTO SECUNDARIO DE SERIE--TÍTULO UNIFORME
Título uniforme Espasa Juvenil
830 #0 - ASIENTO SECUNDARIO DE SERIE--TÍTULO UNIFORME
Título uniforme Poesía
Número de la parte o sección de una obra 59
942 ## - ADDED ENTRY ELEMENTS (KOHA)
Source of classification or shelving scheme Dewey Decimal Classification
Koha item type Libros
945 ## - INFORMACIÓN DE PROCESAMIENTO LOCAL
Información de procesamiento local Inventariado, 2018 /LP
956 ## - LOCAL ELECTRONIC LOCATION AND ACCESS (OCLC)
Nombre de host BTAVÁREZ
Número de acceso 10
Información de compresión 20160819
Trayectoria 001161
Existencias
Withdrawn status Lost status Source of classification or shelving scheme Damaged status Not for loan Collection code Home library Current library Date acquired Source of acquisition Total Checkouts Barcode Date last seen Price effective from Koha item type
    Dewey Decimal Classification     Colección General Biblioteca Pública Metropolitana Salomé Ureña Biblioteca Pública Metropolitana Salomé Ureña 08/19/2016 Donación   BPMSU16080209 08/19/2016 08/19/2016 Libros